header

Microsoft SharePoint 2010 administration (Record no. 221019)

MARC details
000 -LEADER
fixed length control field 01829nam a2200445 a 4500
082 04 - DEWEY DECIMAL CLASSIFICATION NUMBER
Classification number 004.6/82
100 1# - MAIN ENTRY--AUTHOR NAME
Personal name Carpenter, Tom,
245 10 - TITLE STATEMENT
Title Microsoft SharePoint 2010 administration
260 ## - PUBLICATION, DISTRIBUTION, ETC. (IMPRINT)
Place of publication Indianapolis, Ind. :
Name of publisher Wiley Pub.,
Year of publication c2011.
300 ## - PHYSICAL DESCRIPTION
Number of Pages xxix, 592 p. :
Other physical details ill. (some col.).
490 1# - SERIES STATEMENT
Series statement Serious skills
500 ## - GENERAL NOTE
General note "Exam 70-668"--Cover.
General note Includes index.
650 #0 - SUBJECT ADDED ENTRY--TOPICAL TERM
Topical Term Intranets (Computer networks)
Topical Term Intranets (Computer networks)
Topical Term Web servers
Topical Term Web servers
Topical Term Electronic data processing personnel
Topical Term Microsoft software
700 1# - ADDED ENTRY--PERSONAL NAME
Personal name Pyles, James.
856 40 - ELECTRONIC LOCATION AND ACCESS
Uniform Resource Identifier http://site.ebrary.com/lib/rucke/Doc?id=10513722

No items available.

© 2026 Rongo University
Contact us: librarian | system librarian | Rongo university